Giligadu: the lost days/ (Record no. 177668)

MARC details
000 -LEADER
fixed length control field 00658nam a22002057a 4500
005 - DATE AND TIME OF LATEST TRANSACTION
control field 20210224172531.0
010 ## - LCCN (DPL NO)
LC control number ENG-129050
020 ## - INTERNATIONAL STANDARD BOOK NUMBER
Terms of availability 295.00
International Standard Book Number 978-93-89136-05-0
035 ## - SYSTEM CONTROL NUMBER
System control number EN-112582
037 ## - SOURCE OF ACQUISITION
Source of stock number/acquisition DBAD/PUB
082 ## - DEWEY DECIMAL CLASSIFICATION NUMBER
Classification number N
100 ## - MAIN ENTRY--PERSONAL NAME
Personal name Mudgal, Chitra
245 ## - TITLE STATEMENT
Title Giligadu: the lost days/
Statement of responsibility, etc Chitra Mudgal
260 ## - PUBLICATION, DISTRIBUTION, ETC. (IMPRINT)
Place of publication, distribution, etc New Delhi
Name of publisher, distributor, etc Niyogi Books
Date of publication, distribution, etc 2019
270 ## - ADDRESS
City New Delhi
Address Block D, Building No. 77, Okhla Industrial Area, Phase-I
Postal code 110020
Telephone number 11-26816301, 26818960
Electronic mail address niyogibooks@gmail.com
300 ## - PHYSICAL DESCRIPTION
Extent 167p.
Dimensions 22cm(pbk)
500 ## - GENERAL NOTE
General note Translated from Hindi by Priyanka Sarkar
700 ## - ADDED ENTRY--PERSONAL NAME
Personal name Sarkar, Priyanka, Tr.
942 ## - ADDED ENTRY ELEMENTS (KOHA)
Source of classification or shelving scheme Dewey Decimal Classification
Item type English Books
Classification part N
Call number suffix SAR
Holdings
Withdrawn status Lost status Not for loan Collection code Home library Current library Date acquired Source of acquisition Cost, normal purchase price Full call number Barcode Copy number Cost, replacement price Koha item type
      Fiction Ashok Vihar Ashok Vihar 24/02/2021 DBAD/PUB 295.00 N SAR EN-112582 1 295.00 English Books

© Delhi Public Library
Hit Counter
free hit counter